=LDR 00000nam 2200000 4500 =001 INLIS000000000031363 =005 20130612133436 =008 ***********************************Ind** =035 ##$$0010-061300000031363 =041 ##$$a Ind =082 ##$$a 028.5 =090 ##$$a 028.5, Fai f =100 ##$$a Farrah =245 ##$$a Sang pelopor, Farrah =260 ##$$a 2000 $b Bandung =300 ##$$a 28 hlm, ilus, 15 cm =650 ##$$a Fiksi kanak-kanak =850 ##$$a NBPNMAT